Obnova Bratislavskej kalvárie
Guardado en:
| Autor principal: | |
|---|---|
| Otros Autores: | |
| Formato: | Manuscrito Libro |
| Lenguaje: | eslovaco |
| Publicado: |
2017
|
| Materias: | |
| Acceso en línea: | http://is.stuba.sk/zp/portal_zp.pl?podrobnosti=125199 https://opac.crzp.sk/?fn=detailBiblioForm&sid=4B7A8F8230E49217391A6F8DC396 |
| Etiquetas: |
Sin Etiquetas, Sea el primero en etiquetar este registro!
|
MARC
| LEADER | 00000ntm a22000003a 4500 | ||
|---|---|---|---|
| 001 | stuzp63420 | ||
| 003 | SK-STU | ||
| 005 | 20230816141022.5 | ||
| 007 | ta | ||
| 008 | 150427s2015----xo-----f-mn---000-0-slo-d | ||
| 040 | |a STU |b slo | ||
| 041 | 0 | |a slo | |
| 100 | 1 | |a Novotná, Miriama |u 010160 |4 aut |U SvF Stavebná fakulta |T SvF Katedra vodného hospodárstva krajiny |X 81324 |U V160 |Y 16 |7 81324 | |
| 242 | 0 | 1 | |a Revitalisation of The Bratislava Calvary |y eng |
| 245 | 1 | 0 | |a Obnova Bratislavskej kalvárie |
| 260 | |c 2017 | ||
| 650 | 4 | |a revitalizácia |2 slo | |
| 650 | 4 | |a krížová cesta |2 slo | |
| 650 | 4 | |a kalvária |2 slo | |
| 650 | 4 | |a revitalisation |2 eng | |
| 650 | 4 | |a calvary |2 eng | |
| 650 | 4 | |a the way of the cross |2 eng | |
| 700 | 1 | |a Macura, Viliam |u 010160 |k Z1 |4 ths |U SvF Stavebná fakulta |T SvF Katedra vodného hospodárstva krajiny |X 772 |U V160 |Y 16 |7 A000000772 | |
| 856 | 4 | |u http://is.stuba.sk/zp/portal_zp.pl?podrobnosti=125199 | |
| 856 | 4 | |u https://opac.crzp.sk/?fn=detailBiblioForm&sid=4B7A8F8230E49217391A6F8DC396 | |